| 000 | 01530cam a2200277 4500 | ||
|---|---|---|---|
| 001 | ABS64925 | ||
| 008 | 020110n2001 000 0 eng u | ||
| 035 | _a(Sirsi) u116226 | ||
| 100 | _aDelargy, M. | ||
| 245 | _aSocial evictions: we're counting | ||
| 260 | _c2001 | ||
| 490 |
_aRoof _v27(1) January/February 2002, 22-25(3) |
||
| 520 | _aA ROOF investigation indicates that social landlords in England and Wales may have evicted 27,000 households during 2000, around 5.5 tenants per thousand homes in England and Wales. Taking figures from both ROOF and the National Housing Federation the NHF policy officer John Bryant thought these figures were 'encouragingly low'but others would argue that this is an alarmingly high statistic. The figures for England and Wales and Scotland show that rent arrears are responsible for up to 97% of all evictions while anti-social behaviour amounted to only 2 to 3% of all cases. Housing minister Lord Falconer told Roof that with the need for more data he would be looking at the most efficient way of getting more detailed statistics. | ||
| 590 | _aABS | ||
| 650 | _aLOCAL AUTHORITIES | ||
| 650 | _aHOUSING ASSOCIATIONS | ||
| 650 | _aNATIONAL HOUSING FEDERATION | ||
| 650 | _aCOUNCIL OF MORTGAGE LENDERS | ||
| 650 | _aLOCAL GOVERNMENT ASSOCIATION | ||
| 650 | _aSTATISTICS | ||
| 650 | _aSOCIAL LANDLORDS | ||
| 650 | _aEVICTIONS | ||
| 650 | _aREPOSSESSIONS | ||
| 690 | _aPROPERTY-RESIDENTIAL PROPERTY-RESIDENTIAL LANDLORD AND TENANT-RESIDENTIAL TENANCIES | ||
| 942 | _n0 | ||
| 999 |
_c69245 _d69245 |
||